00357nam a2200133 450000500170000010000270001724500360004426400380008030000180011833600220013633700240015833800240018299900170020620260530113844.01 aDavid E. Carter93057910aThe Little Book of Logo Recipes 1bHarper Design Internationalc2004 a272 páginas atexto2rdacontent asin medio2rdamedia avolumen2rdacarrier c11236d11236